Notorious trials (Record no. 52402)

MARC details
000 -LEADER
fixed length control field 00516nam a2200169 a 4500
008 - FIXED-LENGTH DATA ELEMENTS--GENERAL INFORMATION
fixed length control field 120416s1973 ||||||||||||||||| || u
020 ## - INTERNATIONAL STANDARD BOOK NUMBER
International Standard Book Number 0900850914
050 ## - LIBRARY OF CONGRESS CALL NUMBER
Classification number K 640 Jul
100 ## - MAIN ENTRY--PERSONAL NAME
Personal name Julius, M. H
245 10 - TITLE STATEMENT
Title Notorious trials
260 ## - PUBLICATION, DISTRIBUTION, ETC.
Place of publication, distribution, etc. Cornwall
Name of publisher, distributor, etc. James Pike
Date of publication, distribution, etc. 1973
300 ## - PHYSICAL DESCRIPTION
Extent 142p.
350 ## - PRICE (NR) (BK AM CF MU VM SE) [OBSOLETE]
Price 0.00
650 ## - SUBJECT ADDED ENTRY--TOPICAL TERM
Topical term or geographic name entry element LAW
650 ## - SUBJECT ADDED ENTRY--TOPICAL TERM
Topical term or geographic name entry element TRIALS--LAW
995 ## - RECOMMENDATION 995 [LOCAL, UNIMARC FRANCE]
-- 0.00
-- CBU-MAIN LIBRARY (Kitwe)
-- 1
-- 1.50
-- 1
-- AVAILABLE
-- Annex Low-Usage Collection
Holdings
Withdrawn status Lost status Source of classification or shelving scheme Damaged status Not for loan Home library Current library Shelving location Date acquired Total Checkouts Full call number Barcode Date last seen Price effective from Koha item type
          CBU-MAIN LIBRARY, KITWE. CBU-MAIN LIBRARY, KITWE.   11/30/2022   K 640 Jul 020117 11/30/2022 11/30/2022 MONOGRAPH